Sports Quiz

Random Sports or MLB Quiz

Yankees Hall of Famers Quiz Stats

Quiz not verified by Sporcle

Challenge
Share
Tweet
Embed
Score 0/27 Timer 07:00
0 Plays Today
Years Player % Correct
1914-1935Babe Ruth
98.1%
1951-1968Mickey Mantle
97.9%
1923-1939Lou Gehrig
96.4%
1936-1951Joe Dimaggio
96.4%
1946-1965Yogi Berra
95.5%
1950-1967Whitey Ford
93.2%
1977-2010Joe Torre
91.5%
1941-1956Phil Rizzuto
86.5%
1934-1965Casey Stengel
81.7%
1928-1946Bill Dickey
80.7%
1973-1995Dave Winfield
75.8%
1972-1994Rich Gossage
71%
1930-1943Lefty Gomez
66.9%
1926-1939Tony Lazzeri
66.5%
Years Player % Correct
1938-1950Joe Gordon
63.6%
1926-1950Joe McCarthy
61.5%
1913-1929Miller Huggins
58.6%
1924-1947Red Ruffing
56.5%
1924-1935Earle Combs
50.2%
1899-1909Jack Chesbro
47.4%
1918-1938Waite Hoyt
37.7%
1892-1910Willie Keeler
35.9%
1912-1934Herb Pennock
34.6%
1915-1939Jacob Ruppert
27.1%
1948-1985Lee MacPhail
24.6%
1932-1966George Weiss
22.5%
1921-1945Ed Barrow
22.4%

You're not logged in!

Compare scores with friends on all Sporcle quizzes.
Join for Free
OR
Log In

You Might Also Like...

Show Comments

Extras

Top Quizzes Today


Score Distribution

Your Account Isn't Verified!

In order to create a playlist on Sporcle, you need to verify the email address you used during registration. Go to your Sporcle Settings to finish the process.

Report this User

Report this user for behavior that violates our Community Guidelines.

Details: